000 00627nam a2200265Ia 4500
005 20260324153209.0
008 008 260324s9999 xx 000 0 eng d
020 _a9780128042953
037 _aEBOOK
040 _aCRL
040 _beng
040 _cCRL
041 _2eng
041 _aeng
084 _qCRL
100 _aAnsari, Qamrul
_91230845
245 0 _aFixed Point Theory and Graph Theory
260 _bElsevier
260 _c2016
650 _aMathematics
856 _uhttps://www.sciencedirect.com/science/book/9780128042953
942 _cEBOOK
999 _c1842139
_d1842139